Hitchcock: diálogo com Truffaut (Registo nº 202061)
[ vista simples ]
| 000 -Etiqueta do registo | |
|---|---|
| Valores | 00957nam 22002533 4500 |
| 021 ## - Número do Depósito Legal | |
| Código do país | Portugal |
| Número | 14355/86 |
| 100 ## - Dados gerais de processamento | |
| Dados gerais | 20260507d u||y0pory50 ba |
| 200 ## - Titulo e menção de responsabilidade | |
| Título próprio | Hitchcock: diálogo com Truffaut |
| Primeira menção de responsabilidade | Hitchock; colaboração Helen Scott |
| Outras menções de responsabilidade | tradução Regina Louro |
| 205 ## - Menção da edição | |
| Edição | 1ª |
| 210 ## - Publicação | |
| Local de publicação | Lisboa |
| Nome do editor | Dom Quixote |
| Data de publicação | 1987 |
| 215 ## - Descrição física | |
| Paginação / Volumes | 286 p. |
| Outras indicações físicas | il. ; brochado |
| Dimensões | 24 cm |
| 225 ## - Colecção | |
| Título próprio da colecção | Figuras |
| Número de parte ou secção | 6 |
| 300 ## - Notas gerais | |
| Texto da nota | François Truffaut (1932-1984), cineasta, ator e crítico francês. Um dos fundadores do movimento cinematográfico conhecido como Nouvelle Vague e um dos maiores ícones da história do cinema do século XX. |
| 606 ## - Nome comum usado como assunto | |
| ID Autoridade | 16666 |
| Palavra de ordem | Cinema. Filmes |
| 675 ## - CDU | |
| Notação | 791 |
| Edição | PT |
| Língua | por |
| 700 ## - Autor principal (pessoa individual) | |
| ID Autoridade | 203 |
| Apelido | Hitchcock |
| Nome | Alfred |
| Datas | 1899-1980 |
| 701 ## - Co-autor principal (pessoa individual) | |
| ID Autoridade | 17254 |
| Apelido | Truffaut |
| Nome | François |
| Datas | 1932-1984 |
| 702 ## - Autor secundário (pessoa individual) | |
| ID Autoridade | 17253 |
| Apelido | Scott |
| Nome | Helen |
| 702 ## - Autor secundário (pessoa individual) | |
| ID Autoridade | 9077 |
| Apelido | Louro |
| Nome | Maria Regina |
| Datas | 1948 - |
| 801 ## - Fonte de origem | |
| País | PT |
| Agência | BMMN |
| Regras de catalogação | RPC |
| 830 ## - Notas gerais do catalogador | |
| Criado por | Vanda |
| 990 ## - Elementos KOHA | |
| Tipo de documento | Livro |
| Situação do levantamento | Biblioteca de origem | Código de barras | Cota | Permissão de empréstimo | Tipo de documento | Forma de aquisição |
|---|---|---|---|---|---|---|
| Biblioteca Municipal de Montemor-o-Novo | 31476 | 791 HIT|DEP | Livro | Compra |